[Event "SR 2. liga A 2003/2004"]
[Site "?"]
[Date "2004.03.20"]
[Round "10.4"]
[White "Kovarik, Oto"]
[Black "Sukuba, Zdeno"]
[Result "1/2-1/2"]
[WhiteElo "2128"]
[BlackElo "2116"]
[PlyCount "95"]
[EventDate "2003.??.??"]

1. e4 c6 2. d4 d5 3. exd5 cxd5 4. Nf3 Nc6 5. Bd3 Nf6 6. O-O Bg4 7. c3 e6 8. Bg5
Be7 9. Nbd2 O-O 10. Rc1 Bh5 11. Re1 Rc8 12. Nf1 a6 13. Ng3 Bg6 14. Bxg6 hxg6
15. Qd3 b5 16. a4 Rb8 17. b4 Nh5 18. Bxe7 Qxe7 19. Nxh5 gxh5 20. axb5 axb5 21.
Ra1 g6 22. Qe3 Ra8 23. Qh6 Qf6 24. Ng5 Qg7 25. Qxg7+ Kxg7 26. f4 Rfc8 27. Kf2
Nd8 28. Rxa8 Rxa8 29. Ke3 Nb7 30. Re2 Nd6 31. Kd3 Kf6 32. g3 Ra3 33. Re5 Ra2
34. Re2 Ra3 35. Re5 Ra2 36. Re2 Rxe2 37. Kxe2 Kf5 38. Ke3 Kg4 39. Kf2 h4 40.
Kg2 hxg3 41. hxg3 Kf5 42. Kf3 Kf6 43. Ke3 Ke7 44. g4 f6 45. Nh3 Ne4 46. Kd3 g5
47. fxg5 fxg5 48. Kc2 1/2-1/2

[Event "SR 2. liga A 2003/2004"]
[Site "?"]
[Date "2004.03.20"]
[Round "10.4"]
[White "Manak, Jozef"]
[Black "Eged, Igor"]
[Result "1-0"]
[WhiteElo "2076"]
[BlackElo "2136"]
[PlyCount "41"]
[EventDate "2003.??.??"]

1. e4 e6 2. d4 d5 3. Nd2 Nf6 4. e5 Nfd7 5. c3 c5 6. a3 Nc6 7. Ndf3 f6 8. exf6
Nxf6 9. Bb5 Qb6 10. Bxc6+ bxc6 11. Ne5 cxd4 12. cxd4 c5 13. Qa4+ Bd7 14. Nxd7
Nxd7 15. Nf3 a6 16. O-O cxd4 17. Re1 O-O-O 18. Bg5 Nf6 19. Nxd4 Rd6 20. Rac1+
Kb7 21. Rc3 1-0

[Event "SR 2. liga A 2003/2004"]
[Site "?"]
[Date "2004.03.20"]
[Round "10.4"]
[White "Pacher, Milan"]
[Black "Puchart, Vladimir"]
[Result "1/2-1/2"]
[WhiteElo "2051"]
[BlackElo "2145"]
[PlyCount "80"]
[EventDate "2003.??.??"]

1. e4 c5 2. Nf3 d6 3. d4 cxd4 4. Nxd4 Nf6 5. Nc3 a6 6. Be2 e5 7. Nb3 Be7 8. O-O
O-O 9. a4 Be6 10. Bg5 Nbd7 11. a5 Rc8 12. Qd2 d5 13. exd5 Nxd5 14. Bxe7 Nxe7
15. Bf3 Qc7 16. Rfd1 Nf6 17. Qe3 Bg4 18. Rd2 Rfd8 19. Rad1 Bxf3 20. Qxf3 Nc6
21. h3 h6 22. Ne4 Nxe4 23. Qxe4 Rxd2 24. Rxd2 Nxa5 25. Nxa5 Qxa5 26. Qxb7 Qxd2
27. Qxc8+ Kh7 28. Qf5+ Kg8 29. Qxe5 Qxc2 30. Qe8+ Kh7 31. Qxf7 Qc1+ 32. Kh2
Qxb2 33. Qf5+ Kg8 34. Qd5+ Kh7 35. Qd3+ Kg8 36. Qxa6 Qxf2 37. Qc8+ Kh7 38. Qg4
Qf6 39. h4 Qe5+ 40. g3 h5 1/2-1/2

[Event "SR 2. liga A 2003/2004"]
[Site "?"]
[Date "2004.03.20"]
[Round "10.4"]
[White "Vychodil, Michal"]
[Black "Lahucky, Pavol"]
[Result "1-0"]
[WhiteElo "2104"]
[BlackElo "2099"]
[PlyCount "79"]
[EventDate "2003.??.??"]

1. e4 e5 2. d4 exd4 3. Qxd4 Nc6 4. Qe3 d6 5. Nc3 Nf6 6. Bd2 Be7 7. O-O-O O-O 8.
Qg3 Ne5 9. h3 Be6 10. f4 Nh5 11. Qe3 Nc4 12. Bxc4 Bxc4 13. g4 Nf6 14. g5 Nd7
15. Nf3 a5 16. h4 c5 17. h5 Nb6 18. g6 h6 19. gxf7+ Bxf7 20. Rdg1 Nc4 21. Qf2
Nxd2 22. Qxd2 Kh7 23. Qg2 Rg8 24. e5 d5 25. e6 Be8 26. Ne5 Bf6 27. Nxd5 Bxe5
28. fxe5 Qg5+ 29. Qxg5 hxg5 30. Rxg5 Kh6 31. Rg3 Bc6 32. Rg6+ Kh7 33. Rd1 Rad8
34. c4 Rde8 35. Kd2 Rd8 36. Ke3 Rde8 37. Rf1 Rd8 38. Ke4 Be8 39. Rf7 Bxf7 40.
exf7 {time} 1-0

[Event "SR 2. liga A 2003/2004"]
[Site "?"]
[Date "2004.03.20"]
[Round "10.5"]
[White "Kebis, Milos"]
[Black "Kubis, Ivan"]
[Result "1-0"]
[WhiteElo "2088"]
[BlackElo "2062"]
[PlyCount "85"]
[EventDate "2003.??.??"]

1. c4 e5 2. Nc3 Nf6 3. Nf3 Nc6 4. g3 d5 5. cxd5 Nxd5 6. d3 Be7 7. Bg2 Nb6 8.
O-O O-O 9. Be3 Be6 10. a3 Nd5 11. Bd2 a5 12. Rc1 Nxc3 13. Bxc3 f6 14. e3 Qd7
15. Qc2 a4 16. d4 Bb3 17. Qe2 exd4 18. Bxd4 Rfd8 19. Rc3 Bd6 20. Rfc1 Be6 21.
Qb5 Nxd4 22. Nxd4 Qxb5 23. Nxb5 c6 24. Nd4 Bf7 25. f4 Ra6 26. Rd1 Bb8 27. Rcd3
Bc4 28. R3d2 Ba7 29. Kf2 Ra5 30. Be4 Re8 31. Bc2 g6 32. Rc1 Ba6 33. Bb1 Rd5 34.
Ba2 Kg7 35. Bxd5 cxd5 36. Rc7+ Kh6 37. g4 Bb6 38. Rd7 Ba5 39. Rc2 Bd3 40. Rc5
Bd2 41. g5+ fxg5 42. fxg5+ Kxg5 43. Nf3+ 1-0

[Event "SR 2. liga A 2003/2004"]
[Site "?"]
[Date "2004.03.20"]
[Round "10.5"]
[White "Mikulas, Dusan"]
[Black "Moravcik, Marian"]
[Result "1-0"]
[WhiteElo "2143"]
[BlackElo "2073"]
[PlyCount "97"]
[EventDate "2003.??.??"]

1. e4 c5 2. Nf3 d6 3. d4 cxd4 4. Nxd4 Nf6 5. Nc3 a6 6. f4 Qc7 7. Bd3 Nc6 8. Nf3
e6 9. O-O b5 10. Qe1 b4 11. Nd1 Be7 12. Kh1 O-O 13. Qg3 Re8 14. Nf2 g6 15. Nh3
Nh5 16. Qf2 f5 17. exf5 gxf5 18. Nhg5 Bxg5 19. Nxg5 Qg7 20. Qf3 Nxf4 21. Bxf4
Bb7 22. Qf2 h6 23. Nf3 e5 24. Bc4+ Kh7 25. Bd2 f4 26. Nh4 Nd4 27. c3 bxc3 28.
bxc3 Ne6 29. Nf5 Qf8 30. Rab1 Be4 31. Nh4 Bxb1 32. Rxb1 Nc5 33. Bc1 Rab8 34.
Qc2+ e4 35. Rxb8 Rxb8 36. Nf3 Kg7 37. Nd4 Qf6 38. Ba3 Re8 39. Qe2 Re5 40. Bxc5
dxc5 41. Qg4+ Kf8 42. Qc8+ Re8 43. Ne6+ Kf7 44. Nc7+ Kg6 45. Qxe8+ Kg5 46. Qg8+
Kh5 47. Bf7+ Kh4 48. g3+ fxg3 49. Qxg3# 1-0

[Event "SR 2. liga A 2003/2004"]
[Site "?"]
[Date "2004.03.20"]
[Round "10.5"]
[White "Mosny, Jaroslav"]
[Black "Hanes, Mojmir"]
[Result "0-1"]
[WhiteElo "2049"]
[BlackElo "2045"]
[PlyCount "80"]
[EventDate "2003.??.??"]

1. d4 d5 2. Nf3 Nf6 3. c4 c6 4. e3 e6 5. cxd5 cxd5 6. Bd3 Nc6 7. O-O Bd6 8. b3
O-O 9. Ba3 Nb4 10. Bxb4 Bxb4 11. Nbd2 Bd7 12. Ne5 Rc8 13. f4 Bxd2 14. Qxd2 Ne4
15. Bxe4 dxe4 16. Rac1 Bc6 17. Rc5 f6 18. Nxc6 Rxc6 19. Rxc6 bxc6 20. Rc1 Qd7
21. Qc2 Rc8 22. Qxe4 Rc7 23. Rc5 Rc8 24. Qc2 Rc7 25. Qc4 Kh8 26. b4 Qe8 27. a4
h6 28. Qc2 e5 29. dxe5 fxe5 30. fxe5 a6 31. b5 axb5 32. axb5 Ra7 33. Rxc6 Qf8
34. Qc1 Qf5 35. b6 Ra2 36. Qf1 Qe4 37. Rc8+ Kh7 38. Rc3 Rb2 39. b7 Rxb7 40. h3
Rb1 0-1

[Event "SR 2. liga A 2003/2004"]
[Site "?"]
[Date "2004.03.20"]
[Round "10.5"]
[White "Priam, Stefan"]
[Black "Kruppa, Dominik"]
[Result "0-1"]
[WhiteElo "1953"]
[BlackElo "2038"]
[PlyCount "70"]
[EventDate "2003.??.??"]

1. d4 d5 2. c4 c6 3. cxd5 cxd5 4. Nc3 Nf6 5. Bg5 Ne4 6. Nxe4 dxe4 7. Rc1 Nc6 8.
Be3 Qa5+ 9. Qd2 Qxa2 10. Qc3 e5 11. Qc2 Bb4+ 12. Bd2 Nxd4 13. Qxe4 Bxd2+ 14.
Kxd2 Qxb2+ 15. Kd1 Nb3 16. Qc2 Qxc1+ 17. Qxc1 Nxc1 18. Kxc1 Bf5 19. f3 Rc8+ 20.
Kd1 a5 21. e4 a4 22. exf5 a3 23. Bb5+ Ke7 24. Ne2 a2 25. Kd2 Rhd8+ 26. Ke3 Rc2
27. Ra1 Ra8 28. h4 Ra3+ 29. Bd3 Rb2 30. Ke4 b5 31. g4 b4 32. Nc1 b3 33. Nxb3
Rbxb3 34. Bc4 Rb4 35. Kd5 Ra5+ 0-1

[Event "SR 2. liga A 2003/2004"]
[Site "?"]
[Date "2004.03.20"]
[Round "10.5"]
[White "Rohackova, Veronika"]
[Black "Sarmir, Milos"]
[Result "1/2-1/2"]
[WhiteElo "2055"]
[BlackElo "2149"]
[PlyCount "104"]
[EventDate "2003.??.??"]

1. e4 e5 2. Nf3 Nc6 3. Bb5 a6 4. Bxc6 dxc6 5. O-O Bg4 6. h3 h5 7. d3 Qf6 8.
Nbd2 Bd6 9. Re1 Bxf3 10. Qxf3 Qxf3 11. Nxf3 f6 12. Be3 c5 13. a4 Ne7 14. Nd2
Nc6 15. c3 Nd8 16. Nc4 Kf7 17. a5 Ne6 18. Rad1 g5 19. d4 cxd4 20. Nxd6+ cxd6
21. cxd4 exd4 22. Bxd4 Nxd4 23. Rxd4 Ke6 24. Red1 Rhd8 25. Kf1 Rac8 26. R1d2
Rc5 27. b4 Rb5 28. f3 b6 29. axb6 Rxb6 30. Ke2 Rdb8 31. Ke3 Rc6 32. Ke2 Rb5 33.
Kd3 Ke5 34. Rc4 Rcb6 35. Kc3 a5 36. bxa5 Rxa5 37. Rcd4 Ra3+ 38. Kc2 Ra2+ 39.
Kc3 Rc6+ 40. Kb3 Rxd2 41. Rxd2 g4 42. Rd5+ Kf4 43. Rf5+ Kg3 44. hxg4 hxg4 45.
Rxf6 gxf3 46. gxf3 Rc1 47. Rxd6 Kxf3 48. e5 Kf4 49. e6 Re1 50. Kc4 Kf5 51. Kd5
Re5+ 52. Kc6 Rxe6 1/2-1/2

[Event "SR 2. liga A 2003/2004"]
[Site "?"]
[Date "2004.03.20"]
[Round "10.5"]
[White "Sycova, Miroslava"]
[Black "Szollos, Ondrej"]
[Result "1-0"]
[WhiteElo "2068"]
[BlackElo "2051"]
[PlyCount "49"]
[EventDate "2003.??.??"]

1. e4 d6 2. d4 c6 3. Nf3 Qc7 4. Nc3 e5 5. Be3 Bg4 6. Be2 Nf6 7. h3 Bh5 8. Nd2
Bxe2 9. Qxe2 Be7 10. O-O O-O 11. f4 Nbd7 12. Rad1 b5 13. Qf2 b4 14. Ne2 c5 15.
dxe5 dxe5 16. Ng3 exf4 17. Bxf4 Bd6 18. Bxd6 Qxd6 19. Nc4 Qe6 20. b3 Ne8 21.
Rd5 Rc8 22. Rfd1 Nef6 23. Rd6 Qe8 24. Qf5 g6 25. Qf4 1-0

[Event "SR 2. liga A 2003/2004"]
[Site "?"]
[Date "2004.03.20"]
[Round "10.6"]
[White "Gono, Pavol"]
[Black "Hefka, Vladimir"]
[Result "1-0"]
[WhiteElo "1910"]
[BlackElo "2001"]
[PlyCount "99"]
[EventDate "2003.??.??"]

1. e4 c5 2. Nf3 d6 3. d4 cxd4 4. Nxd4 Nf6 5. Nc3 a6 6. g3 e6 7. Bg2 Be7 8. O-O
Qc7 9. Nce2 Nc6 10. c3 O-O 11. b3 Rd8 12. c4 Nxd4 13. Nxd4 d5 14. exd5 exd5 15.
c5 Bxc5 16. Bb2 Qb6 17. Qd3 Bg4 18. Kh1 Bh5 19. f3 Bg6 20. Qd2 Re8 21. Rfe1 Kf8
22. Rad1 Rxe1+ 23. Rxe1 Bb4 24. Bc3 Bxc3 25. Qxc3 Re8 26. Rc1 Qd6 27. Bh3 Qe5
28. Kg2 Qe3 29. Bc8 Qxc3 30. Rxc3 Re7 31. Kf2 Ne8 32. Rc5 Rc7 33. Rxc7 Nxc7 34.
Bxb7 Ke7 35. Nc6+ Kd6 36. Nb4 a5 37. Nc6 Kc5 38. Nxa5 Kb4 39. Nc6+ Ka3 40. Ke3
Kxa2 41. b4 Bc2 42. Kd4 Bd1 43. f4 Bb3 44. Kc5 Ne6+ 45. Kd6 d4 46. Ba6 Ka3 47.
f5 Ng5 48. Nxd4 Kxb4 49. Nxb3 Kxb3 50. Bb7 1-0

[Event "SR 2. liga A 2003/2004"]
[Site "?"]
[Date "2004.03.20"]
[Round "10.6"]
[White "Hanzluvka, Peter"]
[Black "Lutter, Ladislav"]
[Result "1-0"]
[WhiteElo "2071"]
[BlackElo "1986"]
[PlyCount "91"]
[EventDate "2003.??.??"]

1. e4 d6 2. d4 Nf6 3. Nc3 g6 4. Nf3 Bg7 5. Be2 b6 6. O-O Bb7 7. e5 dxe5 8. Nxe5
O-O 9. Be3 Ne8 10. Bf3 c6 11. Ng4 f5 12. Ne5 f4 13. Bc1 Nd6 14. Ne2 g5 15. c3
Nf7 16. Nxf7 Rxf7 17. Qb3 Kf8 18. Bh5 Rf6 19. Kh1 h6 20. Ng1 Nd7 21. Nf3 c5 22.
h4 cxd4 23. cxd4 e6 24. hxg5 Bd5 25. Qa3+ Kg8 26. gxf6 Nxf6 27. Bg6 Bf8 28. Qd3
Bd6 29. Re1 Ng4 30. Kg1 Qf6 31. Be4 Bb4 32. Bd2 Bxd2 33. Qxd2 Rd8 34. Bxd5 Rxd5
35. Qe2 Kf7 36. Rac1 Qe7 37. Rc6 Rd6 38. Rxd6 Qxd6 39. Ne5+ Nxe5 40. Qxe5 Qc6
41. Qxf4+ Kg7 42. Qg4+ Kf6 43. Re3 Qc1+ 44. Kh2 Qc7+ 45. Kh3 Qc4 46. Rf3+ 1-0

[Event "SR 2. liga A 2003/2004"]
[Site "?"]
[Date "2004.03.20"]
[Round "10.6"]
[White "Isa, Vlastimil"]
[Black "Krist, Milan"]
[Result "0-1"]
[WhiteElo "2007"]
[BlackElo "1990"]
[PlyCount "112"]
[EventDate "2003.??.??"]

1. e4 e6 2. d4 d5 3. Nd2 c5 4. Ngf3 Nc6 5. exd5 exd5 6. dxc5 Bxc5 7. Nb3 Bb6 8.
Bb5 Be6 9. O-O Nf6 10. Bg5 O-O 11. c3 Bg4 12. Qd3 Qd6 13. Bh4 a6 14. Bg3 Qd8
15. Bxc6 bxc6 16. Ne5 Qc8 17. Nxg4 Qxg4 18. Kh1 Ne4 19. Rac1 h5 20. h3 Qg6 21.
Qf3 Rfe8 22. Rcd1 Re6 23. Bh4 Re5 24. Nd4 c5 25. Ne2 Rf5 26. Qe3 Re8 27. Kg1
Re6 28. Nf4 c4 29. Qc1 Qh7 30. Nxd5 g5 31. Nxb6 gxh4 32. Nxc4 Ref6 33. f3 Ng3
34. Rf2 Qg6 35. Qd2 Ne4 36. Qd8+ Kh7 37. Re2 Rxf3 38. Rxe4 Rf2 39. Ne3 Qxe4 40.
Qd3 Qxd3 41. Rxd3 Rxb2 42. a4 Ra2 43. Rd4 Re6 44. Nf5 Rc6 45. Rxh4 Kg6 46. Ne7+
Kg5 47. Rb4 Rxc3 48. h4+ Kh6 49. Rb6+ Kh7 50. Rxa6 Rcc2 51. Ra5 Rxg2+ 52. Kf1
Rgf2+ 53. Kg1 Rfe2 54. Rxh5+ Kg7 55. Nf5+ Kf6 56. Ng3 Rg2+ 0-1

[Event "SR 2. liga A 2003/2004"]
[Site "?"]
[Date "2004.03.20"]
[Round "10.6"]
[White "Samko, Karol"]
[Black "Raczko, Peter"]
[Result "1/2-1/2"]
[WhiteElo "1998"]
[BlackElo "2074"]
[PlyCount "28"]
[EventDate "2003.??.??"]

1. e4 d6 2. d4 Nf6 3. Nc3 g6 4. Bg5 c6 5. Nf3 Bg7 6. Be2 Nbd7 7. O-O O-O 8. a4
b6 9. Qd2 Qc7 10. Rad1 Bb7 11. Rfe1 Rad8 12. Bf1 Rfe8 13. Qd3 a6 14. h3 Rc8
1/2-1/2

[Event "SR 2. liga A 2003/2004"]
[Site "?"]
[Date "2004.03.20"]
[Round "10.6"]
[White "Sekera, Branislav"]
[Black "Bury, Rastislav"]
[Result "1-0"]
[WhiteElo "2122"]
[BlackElo "2031"]
[PlyCount "67"]
[EventDate "2003.??.??"]

1. d4 Nf6 2. c4 g6 3. Nc3 d5 4. Nf3 Bg7 5. e3 O-O 6. Bd3 c5 7. O-O Bg4 8. h3
cxd4 9. Nxd5 Bxf3 10. Qxf3 Nc6 11. e4 Nxd5 12. exd5 Ne5 13. Qd1 Rc8 14. b3 b5
15. cxb5 Qxd5 16. Bb2 Nxd3 17. Qxd3 Rb8 18. a4 a6 19. Qc4 Rfd8 20. Qxd5 Rxd5
21. bxa6 Rxb3 22. a7 Rd8 23. Ba3 Ra8 24. Bc5 Rc3 25. Rfc1 Be5 26. Kf1 Bf4 27.
Rxc3 dxc3 28. g3 Bd6 29. Be3 g5 30. Ke2 f5 31. Kd3 f4 32. gxf4 Bxf4 33. Rb1 Kf7
34. Bd4 1-0

[Event "SR 2. liga A 2003/2004"]
[Site "?"]
[Date "2004.03.20"]
[Round "10.6"]
[White "Toth_Vano, Peter"]
[Black "Gajarsky, Roman"]
[Result "0-1"]
[WhiteElo "2032"]
[BlackElo "2021"]
[PlyCount "84"]
[EventDate "2003.??.??"]

1. e4 e6 2. d4 d5 3. exd5 exd5 4. Bd3 Be6 5. c3 c5 6. dxc5 Bxc5 7. Nf3 h6 8.
O-O Nf6 9. Nbd2 Nc6 10. Nb3 Bb6 11. Nbd4 Nxd4 12. Nxd4 Bxd4 13. Qa4+ Nd7 14.
Qxd4 O-O 15. f4 f5 16. Re1 Rf6 17. Rxe6 Rxe6 18. Bd2 Qb6 19. Bxf5 Re2 20. Bxd7
Qxd4+ 21. cxd4 Rd8 22. Bc3 Rxd7 23. Kf1 Rde7 24. Re1 Rxe1+ 25. Bxe1 Re4 26. Bc3
Rxf4+ 27. Ke2 Kf7 28. g3 Re4+ 29. Kf3 g5 30. g4 Kg6 31. h3 a6 32. Kf2 Rf4+ 33.
Kg3 Rf1 34. Kg2 Rd1 35. Kf3 Rd3+ 36. Kg2 Kf7 37. Kh2 Ke6 38. Kg2 Kd7 39. Kh2 b6
40. Kg2 a5 41. Kh2 a4 42. Kg2 a3 0-1

[Event "SR 2. liga A 2003/2004"]
[Site "?"]
[Date "2004.03.20"]
[Round "10.7"]
[White "Dzavik, Jozef"]
[Black "Kasanicky, Robert"]
[Result "1-0"]
[WhiteElo "1967"]
[BlackElo "2246"]
[PlyCount "97"]
[EventDate "2003.??.??"]

1. d4 d5 2. Nf3 Nf6 3. Bg5 Ne4 4. Bh4 Nd7 5. e3 Ndf6 6. Be2 Bf5 7. O-O e6 8. c4
Be7 9. Ne5 g5 10. Bg3 Nxg3 11. hxg3 h5 12. Nc3 c6 13. Bd3 Bxd3 14. Qxd3 Ng4 15.
Rad1 Qc7 16. cxd5 Nxe5 17. dxe5 exd5 18. e4 Qxe5 19. exd5 O-O-O 20. Rfe1 Qf6
21. Qc4 c5 22. Ne4 Qb6 23. d6 Bxd6 24. Nxg5 Rhe8 25. Rxe8 Rxe8 26. Nxf7 Bc7 27.
Rc1 Qf6 28. f4 Kb8 29. Ng5 Bb6 30. b3 Qd4+ 31. Kf1 Qe3 32. Nf3 Qe6 33. Re1
Qxc4+ 34. bxc4 Rxe1+ 35. Kxe1 Kc8 36. Ke2 Kd7 37. Kd3 Ke6 38. Ke4 Bd8 39. Ne5
Bf6 40. Nd3 b6 41. f5+ Kd6 42. Nf4 h4 43. gxh4 Bxh4 44. g4 Be1 45. g5 Bc3 46.
g6 Bb2 47. Nd5 Kd7 48. f6 Ke8 49. g7 1-0

[Event "SR 2. liga A 2003/2004"]
[Site "?"]
[Date "2004.03.20"]
[Round "10.7"]
[White "Hecht, Tomas"]
[Black "Krchnak, Rudolf"]
[Result "1-0"]
[WhiteElo "2034"]
[BlackElo "1809"]
[PlyCount "55"]
[EventDate "2003.??.??"]

1. e4 c5 2. c3 d6 3. d4 Nf6 4. Qc2 Nc6 5. Nf3 a6 6. Bg5 h6 7. Bxf6 gxf6 8. Nbd2
Bg4 9. Bc4 b5 10. Bd5 Rc8 11. Qb3 c4 12. Nxc4 bxc4 13. Qxc4 Ne5 14. Nxe5 fxe5
15. Bxf7+ Kd7 16. Qa4+ Kc7 17. Qxa6 Rb8 18. Qc4+ Kd7 19. f3 Rxb2 20. fxg4 Qb8
21. O-O Bg7 22. Be6+ Kd8 23. Rad1 Bf6 24. Rf2 Rxf2 25. Kxf2 Rf8 26. Kg1 Qc7 27.
Qa6 Qb8 28. Qc6 1-0

[Event "SR 2. liga A 2003/2004"]
[Site "?"]
[Date "2004.03.20"]
[Round "10.7"]
[White "Machalova, Erika"]
[Black "Palka, Miroslav"]
[Result "1/2-1/2"]
[WhiteElo "1996"]
[BlackElo "2055"]
[PlyCount "88"]
[EventDate "2003.??.??"]

1. d4 Nf6 2. c4 g6 3. Nc3 d5 4. cxd5 Nxd5 5. e4 Nxc3 6. bxc3 Bg7 7. Be3 O-O 8.
Bc4 c5 9. Qd2 Nc6 10. Ne2 Na5 11. Bd3 cxd4 12. cxd4 b6 13. O-O Bb7 14. f3 Rc8
15. Rac1 Qd7 16. Qb2 Rxc1 17. Rxc1 Rc8 18. Rxc8+ Qxc8 19. Qb4 e6 20. Qa4 Bc6
21. Bb5 Qd7 22. Nc3 Bxb5 23. Qxb5 Qxb5 24. Nxb5 Nc4 25. Bf2 a6 26. Nc7 a5 27.
Nb5 Kf8 28. Kf1 Ke7 29. Ke2 Nd6 30. Nxd6 Kxd6 31. Kd3 b5 32. Be1 a4 33. Bb4+
Kc6 34. Be7 Bh6 35. Ba3 Bf4 36. h3 Bc7 37. Bb4 Bb6 38. Kc3 Bc7 39. Kc2 Bg3 40.
Kd3 Bc7 41. Ke3 Bb6 42. Kd3 Bc7 43. Kc3 Bb6 44. Kd3 Bc7 1/2-1/2

[Event "SR 2. liga A 2003/2004"]
[Site "?"]
[Date "2004.03.20"]
[Round "10.7"]
[White "Prielozny, Marek"]
[Black "Karlik, Lubomir"]
[Result "1/2-1/2"]
[WhiteElo "1924"]
[BlackElo "1903"]
[PlyCount "102"]
[EventDate "2003.??.??"]

1. d4 d5 2. c4 e6 3. Nc3 Nf6 4. Bg5 Nbd7 5. e3 c6 6. cxd5 exd5 7. Bd3 Be7 8.
Qc2 O-O 9. Nf3 Re8 10. O-O Nf8 11. Rab1 a5 12. a3 Bg4 13. Ne5 Bh5 14. h3 N6d7
15. Bxe7 Rxe7 16. Nxd7 Qxd7 17. b4 axb4 18. axb4 Bg6 19. Bxg6 Nxg6 20. b5 f5
21. bxc6 bxc6 22. Na4 f4 23. Nb6 Qe8 24. Nxa8 Qxa8 25. Qb3 Qe8 26. Qb8 Kf7 27.
Qxe8+ Kxe8 28. Rb8+ Kd7 29. Rb7+ Kd6 30. Rxe7 Kxe7 31. Ra1 fxe3 32. fxe3 Kd6
33. Kf2 Ne7 34. Kg3 Ke6 35. Kf4 h6 36. Ra6 Kf6 37. h4 Ng6+ 38. Kg4 Ne7 39. g3
Ke6 40. Kf4 Ng6+ 41. Kg4 Ne7 42. h5 Kf6 43. Kf4 Ke6 44. g4 Kf6 45. Ra7 Ke6 46.
Rxe7+ Kxe7 47. Ke5 Kd7 48. Kf5 Ke7 49. Kg6 Kf8 50. g5 hxg5 51. Kxg5 Kf7 1/2-1/2

[Event "SR 2. liga A 2003/2004"]
[Site "?"]
[Date "2004.03.20"]
[Round "10.7"]
[White "Slamena, Michal"]
[Black "Bednar, Milan"]
[Result "0-1"]
[WhiteElo "1872"]
[BlackElo "2063"]
[PlyCount "80"]
[EventDate "2003.??.??"]

1. e4 e5 2. Nf3 Nc6 3. Bb5 a6 4. Ba4 Nf6 5. d4 Nxe4 6. O-O Be7 7. d5 Nc5 8. c4
Nxa4 9. Qxa4 Nb8 10. Nxe5 O-O 11. Bf4 d6 12. Nf3 Nd7 13. Nc3 Nc5 14. Qc2 a5 15.
Be3 Bg4 16. Nd4 Re8 17. h3 Bh5 18. f4 Bh4 19. Bf2 Bxf2+ 20. Qxf2 f5 21. Qd2 Qf6
22. Rae1 Bg6 23. a3 a4 24. Ndb5 Qd8 25. Rxe8+ Bxe8 26. Re1 Bxb5 27. Nxb5 Ne4
28. Qe3 Qh4 29. Nd4 g6 30. Kh2 Re8 31. Ne6 Qf6 32. Qd4 Rxe6 33. Qa7 Re7 34.
Qxa4 Qxb2 35. Qa7 Qc3 36. Re3 Qd2 37. Rf3 b6 38. a4 Qe2 39. Qa6 Nd2 40. Rc3 Qe1
0-1

[Event "SR 2. liga A 2003/2004"]
[Site "?"]
[Date "2004.03.20"]
[Round "10.7"]
[White "Stetina, Erik"]
[Black "Gabris, Ondrej"]
[Result "0-1"]
[WhiteElo "1749"]
[BlackElo "2044"]
[PlyCount "48"]
[EventDate "2003.??.??"]

1. e4 d5 2. exd5 Nf6 3. d4 Bg4 4. Be2 Bxe2 5. Nxe2 Qxd5 6. O-O Nc6 7. Nbc3 Qf5
8. Ng3 Qd7 9. Nce2 O-O-O 10. Be3 h5 11. Qd3 e6 12. c4 Nb4 13. Qb1 h4 14. Ne4 h3
15. Rd1 Qc6 16. f3 Qxc4 17. Nf4 Nbd5 18. Rc1 Qa6 19. Nxf6 Nxe3 20. Qe4 gxf6 21.
Qxe3 hxg2 22. Rd1 Bh6 23. Qe4 Qd6 24. Ne2 Be3+ 0-1

[Event "SR 2. liga A 2003/2004"]
[Site "?"]
[Date "2004.03.20"]
[Round "10.8"]
[White "Jurcak, Marian"]
[Black "Peska, Juraj"]
[Result "0-1"]
[WhiteElo "1985"]
[BlackElo "1729"]
[PlyCount "112"]
[EventDate "2003.??.??"]

1. e4 c5 2. Nf3 Nc6 3. Bb5 g6 4. O-O Bg7 5. c3 d6 6. d4 cxd4 7. cxd4 Bd7 8. Be3
Nf6 9. Nc3 O-O 10. h3 a6 11. Ba4 b5 12. Bc2 Na5 13. e5 Ne8 14. Bf4 Nc4 15. b3
dxe5 16. dxe5 Na5 17. Qd2 Bc6 18. Qe3 Nc7 19. Rad1 Qc8 20. Nd2 Qb7 21. Nce4 b4
22. Nc5 Qc8 23. Nde4 Nd5 24. Qg3 Nxf4 25. Qxf4 Bxe4 26. Bxe4 Qxc5 27. Bxa8 Rxa8
28. Qe4 Rb8 29. Rd5 Qc7 30. Rfd1 Qb7 31. Qd3 Nc6 32. f4 Bh6 33. Qf3 Qb6+ 34.
Kh2 Nd8 35. h4 Ne6 36. g3 Rc8 37. R5d3 Rc2+ 38. Kh3 Rf2 39. Qa8+ Kg7 40. Qd5
Bxf4 41. Re1 Rxa2 42. Rf3 Rd2 43. Qc4 Rd4 44. Qf1 Bg5 45. Rxf7+ Kg8 46. Qf3 Bf6
47. Rxf6 exf6 48. exf6 Kf7 49. Re5 Qd6 50. Re3 Qd7 51. g4 h5 52. Kg3 Rxg4+ 53.
Kh3 Nf4+ 54. Kh2 Qd2+ 55. Kh1 Qc1+ 56. Kh2 Qg1# 0-1

[Event "SR 2. liga A 2003/2004"]
[Site "?"]
[Date "2004.03.20"]
[Round "10.8"]
[White "Pribila, Michal"]
[Black "Rathousky, Karol"]
[Result "1-0"]
[WhiteElo "1620"]
[BlackElo "1844"]
[PlyCount "111"]
[EventDate "2003.??.??"]

1. e4 c6 2. d4 d5 3. Nc3 dxe4 4. Nxe4 Bf5 5. Ng3 Bg6 6. h4 h5 7. Nf3 Nd7 8. Bd3
Bxd3 9. Qxd3 Ngf6 10. Be3 e6 11. O-O-O Ng4 12. Ne4 Be7 13. Nfg5 Ndf6 14. Rh3
Nd5 15. Rf3 Bf6 16. Qa3 Be7 17. Qb3 O-O 18. c4 Ndxe3 19. fxe3 Qd7 20. Qc2 f5
21. Ng3 g6 22. Ne2 Bxg5 23. hxg5 Qe7 24. Nf4 Rae8 25. Nxg6 Qxg5 26. Nxf8 Rxf8
27. Qe2 Rd8 28. Kb1 Rd7 29. Rh3 Qg6 30. Ka1 Rg7 31. d5 exd5 32. cxd5 cxd5 33.
Rxd5 Re7 34. Rd8+ Kh7 35. Qd2 Nf6 36. Qd6 Rg7 37. Qb8 Ng8 38. Qf4 Nh6 39. Rd6
Qg5 40. Qxg5 Rxg5 41. Kb1 Rxg2 42. Rxh5 Rg6 43. Rd7+ Rg7 44. Rxg7+ Kxg7 45. Kc2
Kg6 46. Rh1 Nf7 47. Kd3 a6 48. Kd4 b6 49. Rc1 Nd8 50. Ke5 b5 51. Rg1+ Kf7 52.
Kxf5 a5 53. Rc1 Ne6 54. Rc6 Ng7+ 55. Ke5 Ne8 56. Rc5 1-0

[Event "SR 2. liga A 2003/2004"]
[Site "?"]
[Date "2004.03.20"]
[Round "10.8"]
[White "Tomanek, Rafael"]
[Black "Wurschner, Miroslav"]
[Result "1-0"]
[WhiteElo "1935"]
[BlackElo "1823"]
[PlyCount "102"]
[EventDate "2003.??.??"]

1. e4 Nf6 2. e5 Nd5 3. d4 d6 4. c4 Nb6 5. exd6 exd6 6. b3 Be7 7. Nf3 Bg4 8. h3
Bh5 9. Be2 O-O 10. O-O d5 11. c5 Nc8 12. Ne5 Bxe2 13. Qxe2 Bf6 14. Nf3 Nc6 15.
Be3 N8e7 16. Nc3 Nf5 17. Qd2 Nce7 18. Bg5 Bxg5 19. Qxg5 c6 20. Rfe1 f6 21. Qf4
Qd7 22. Re2 Rae8 23. Rae1 Ng6 24. Qg4 Rxe2 25. Rxe2 Qc8 26. h4 Nfxh4 27. Qxc8
Nxf3+ 28. gxf3 Rxc8 29. Re3 Kf7 30. Kg2 Re8 31. Kg3 Ne7 32. Kf4 h5 33. Re2 g5+
34. Ke3 Ng6+ 35. Kd2 Re6 36. Re3 Nf4 37. b4 h4 38. Ne2 Nxe2 39. Kxe2 f5 40. a4
g4 41. Rxe6 Kxe6 42. f4 a5 43. bxa5 Kd7 44. a6 bxa6 45. a5 Ke6 46. Kf1 Kf6 47.
Kg2 Kg6 48. Kh2 h3 49. Kh1 Kh5 50. Kg1 Kh4 51. Kh2 g3+ 1-0

[Event "SR 2. liga A 2003/2004"]
[Site "?"]
[Date "2004.03.20"]
[Round "10.8"]
[White "Vach, Pavol"]
[Black "Diviak, Rastislav"]
[Result "1-0"]
[WhiteElo "2148"]
[BlackElo "1920"]
[PlyCount "86"]
[EventDate "2003.??.??"]

1. d4 Nf6 2. c4 g6 3. Nc3 Bg7 4. Nf3 d6 5. e4 O-O 6. Be2 e5 7. dxe5 dxe5 8.
Qxd8 Rxd8 9. Bg5 c6 10. Nxe5 Re8 11. f4 Na6 12. O-O Nc5 13. Bf3 Nfxe4 14. Nxe4
Nxe4 15. Bxe4 f6 16. Bxf6 Bxf6 17. Rfe1 Bxe5 18. fxe5 Be6 19. b3 Re7 20. Re2
Kg7 21. h3 Rd8 22. Kf2 Rf8+ 23. Bf3 Ref7 24. Re3 Rd7 25. Ke1 Rdf7 26. Ke2 Re7
27. Rd1 Rfe8 28. Kd2 Bf5 29. Rde1 Rd8+ 30. Kc3 g5 31. a4 a5 32. b4 axb4+ 33.
Kxb4 Be6 34. Rd1 Red7 35. Rxd7+ Rxd7 36. Kc5 Kf7 37. a5 Ke7 38. a6 bxa6 39.
Bxc6 Rd2 40. Rb3 h6 41. Rb7+ Bd7 42. Bxd7 Rxd7 43. Rxd7+ Kxd7 1-0

[Event "SR 2. liga A 2003/2004"]
[Site "?"]
[Date "2004.03.20"]
[Round "10.8"]
[White "Zak, Daniel"]
[Black "Milanov, Jasen"]
[Result "0-1"]
[WhiteElo "1718"]
[BlackElo "2046"]
[PlyCount "89"]
[EventDate "2003.??.??"]

1. e4 e6 2. Nf3 d5 3. exd5 exd5 4. d4 Nf6 5. Bd3 Bd6 6. O-O O-O 7. Bg5 Bg4 8.
h3 Bh5 9. c3 Nbd7 10. Nbd2 c6 11. Qc2 Qc7 12. Rfe1 Rae8 13. b3 Bg6 14. Bxg6
hxg6 15. c4 Bb4 16. Rxe8 Rxe8 17. Be3 Bd6 18. c5 Bf4 19. Bxf4 Qxf4 20. Qd3 Ne4
21. Re1 Ndf6 22. b4 Re6 23. Re3 g5 24. Qe2 g4 25. Ne5 gxh3 26. g3 h2+ 27. Kxh2
Qf5 28. Kg2 Nxd2 29. Qxd2 Ne4 30. Qe2 Rh6 31. g4 Qf4 32. Rh3 Rxh3 33. Kxh3
Nxf2+ 34. Kg2 Ne4 35. a4 Qg3+ 36. Kf1 Qc3 37. Kg1 Qxd4+ 38. Kg2 Qxe5 39. b5
Qg3+ 40. Kf1 Qc3 41. Kg2 Qxc5 42. bxc6 bxc6 43. Qb2 Qf2+ 44. Qxf2 Nxf2 45. Kxf2
0-1